| 000 | 00825nam a2200265 a 4500 | ||
|---|---|---|---|
| 001 | 46657 | ||
| 003 | BD-RjUL | ||
| 005 | 20211209054203.0 | ||
| 008 | 160803s1967 enk b 001 0 eng | ||
| 035 | _a(BD-RjUL)46776 | ||
| 040 |
_aDLC _cDLC _beng _dBD-RjUL |
||
| 041 | _aeng | ||
| 082 |
_223 _a347.420109 _bHAE 1954 |
||
| 100 | 1 |
_aHanbury, Harold Greville, _d1898-1993. _9141476 |
|
| 245 | 1 | 0 |
_aEnglish courts of law / _cHarold Greville Hanbury |
| 250 | _a4th ed. | ||
| 260 |
_aNew York : _bOxford University Press, _c1967 |
||
| 300 |
_a152 p. ; _c20 cm. |
||
| 504 | _aBibliography and index | ||
| 650 | 0 |
_aCourts _zGreat Britain. _9125677 |
|
| 830 |
_aOxford paperbackd university series. _v27 _9142255 |
||
| 942 |
_2ddc _cBK |
||
| 999 |
_c46657 _d46657 |
||